| 000 | 00375 a2200133 4500 | ||
|---|---|---|---|
| 003 | Nust | ||
| 005 | 20170207162114.0 | ||
| 040 | _cNust | ||
| 082 | _a799 | ||
| 245 | _aOpening address of OEWC-21OCC-19 Photograph 2013 (Soft Copy) | ||
| 260 |
_aRawalpindi _bMCS _c18-07-2013 |
||
| 650 | _aOpening address of OEWC-21OCC-19 Photographs 2013 (CD-No-23,Vol-III) | ||
| 651 | _aSweet Memories- MCS | ||
| 942 | _cBK | ||
| 999 |
_c205432 _d205432 |
||